Top 10 US States by Forest Coverage - Statistics

General Stats
  • This quiz has been taken 37 times
  • The average score is 8 of 10
Answer Stats
Forest Coverage Answer % Correct
89.46% Maine
94%
77.81% Vermont
94%
62.88% New York
88%
84.32% New Hampshire
85%
79.01% West Virginia
79%
70.57% Alabama
76%
67.28% Georgia
74%
65.07% Mississippi
74%
68.19% South Carolina
74%
62.93% Virginia
71%
No matching quizzes found
Score Distribution
Percent of People with Each Score
Percentile by Number Answered
Your Score History
You have not taken this quiz